Normal view MARC view
  • Butler, Arthur John

Entry Personal Name

Number of records used in: 3

001 - CONTROL NUMBER

  • control field: 49196

003 - CONTROL NUMBER IDENTIFIER

  • control field: NUST

005 - DATE AND TIME OF LATEST TRANSACTION

  • control field: 20210314134258.0

008 - FIXED-LENGTH DATA ELEMENTS

  • fixed length control field: 210314|| aca||aabn | a|a d

040 ## - CATALOGING SOURCE

  • Original cataloging agency: NUST
  • Transcribing agency: NUST

100 ## - HEADING--PERSONAL NAME

  • Personal name: Butler, Arthur John

670 ## - SOURCE DATA FOUND

  • Source citation: Work cat.: (NUST): Butler, Arthur John, The memoris of baron de marbot, 1894
© 2023 Central Library, National University of Sciences and Technology. All Rights Reserved.